| 000 | 00585nam a2200181 4500 | ||
|---|---|---|---|
| 001 | 140152 | ||
| 003 | ES-MaACL | ||
| 005 | 20230906200023.0 | ||
| 007 | t| | ||
| 008 | 070214s1944 ag r ||||1| spa d | ||
| 100 | 1 |
_aSeeligmann, Th. _9105092 |
|
| 245 | 1 | 3 |
_aEl caucho y la gutapercha / _cpor Th. Seeligmann ; con la colaboración de G. Lamy Torrilhon y H. Falconet. |
| 260 |
_aBuenos Aires : _bEd. Industrial, _c1944 ( _fLafayette) |
||
| 300 |
_a217 p. ; _c24 cm. |
||
| 700 | 1 |
_aTorrilhon, G. Lamy. _9111047 |
|
| 700 | 1 |
_aFalconet, H. _948722 |
|
| 852 |
_aES-MaACL _jC-4742 _bR.25215 |
||
| 999 |
_c140152 _d140152 |
||